Writing with a Purpose (Record no. 886)

000 -LEADER
fixed length control field 00607nam a22002057a 4500
003 - CONTROL NUMBER IDENTIFIER
control field OSt
005 - DATE AND TIME OF LATEST TRANSACTION
control field 20210426100520.0
008 - FIXED-LENGTH DATA ELEMENTS--GENERAL INFORMATION
fixed length control field 210120s1963 ||||| |||| 00| 0 eng d
040 ## - CATALOGING SOURCE
Original cataloging agency eng
Language of cataloging eng
Transcribing agency DLC
041 ## - LANGUAGE CODE
Language code of text/sound track or separate title eng
080 ## - UNIVERSAL DECIMAL CLASSIFICATION NUMBER
Universal Decimal Classification number 811.111
Item number M-44
100 ## - MAIN ENTRY--PERSONAL NAME
9 (RLIN) 653
Personal name McCrimmon, M. James
245 ## - TITLE STATEMENT
Title Writing with a Purpose
Remainder of title : A First Course in College Composition
Statement of responsibility, etc. / by: Houghton Mifflin Company
250 ## - EDITION STATEMENT
Edition statement 3rd edition
260 ## - PUBLICATION, DISTRIBUTION, ETC.
Place of publication, distribution, etc. Boston
Name of publisher, distributor, etc. Houghton Mifflin Company
Date of publication, distribution, etc. 1963
300 ## - PHYSICAL DESCRIPTION
Extent 549 p/
650 #0 - SUBJECT ADDED ENTRY--TOPICAL TERM
9 (RLIN) 480
Topical term or geographic name entry element English Language
653 ## - INDEX TERM--UNCONTROLLED
Uncontrolled term ინგლისური ენა
942 ## - ADDED ENTRY ELEMENTS (KOHA)
Source of classification or shelving scheme
Koha item type Books
Edition 3
Holdings
Withdrawn status Lost status Source of classification or shelving scheme Damaged status Not for loan Permanent location Current location Date acquired Inventory number Total Checkouts Full call number Barcode Date last seen Price effective from Koha item type
          Ken Walker International University Ken Walker International University 01/20/2021 2448   811.111 M-44 2448 01/20/2021 01/20/2021 Books

Powered by Koha